Na závěr k cenám nemovitostí. Ceny veřejných statků. 10.
Posledná časť seriálu je venovaná analýze v oblasti cien nehnuteľností bytov. Vyhlášky ministerstiev financií k oceňovaniu nehnuteľností. Postupná deregulácia cien nehnuteľností. Nejasnosti v otázke vlastníctva k bytom a k privatizácii celých domov. Doterajšia regulácia cien pri predaji bytov. Záver...
Salvato in:
| Autore principale: | |
|---|---|
| Altri autori: | |
| Natura: | Capitolo di libro |
| Lingua: | ceco |
| Soggetti: | |
| Tags: |
Nessun Tag, puoi essere il primo ad aggiungerne!!
|
MARC
| LEADER | 00000naa a2200000 4500 | ||
|---|---|---|---|
| 001 | r007582 | ||
| 005 | 20220831083820.2 | ||
| 041 | 0 | |a cze | |
| 044 | |a CS | ||
| 245 | 1 | 0 | |a Na závěr k cenám nemovitostí. |b Ceny veřejných statků. 10. |c E. Šíp, J. Fürstová |
| 520 | |a Posledná časť seriálu je venovaná analýze v oblasti cien nehnuteľností bytov. Vyhlášky ministerstiev financií k oceňovaniu nehnuteľností. Postupná deregulácia cien nehnuteľností. Nejasnosti v otázke vlastníctva k bytom a k privatizácii celých domov. Doterajšia regulácia cien pri predaji bytov. Závery k celému seriálu o odstraňovaní cenovej regulácie v oblasti verejných statkov. | ||
| 610 | 2 | 0 | |a nehnuteľnosti |
| 610 | 2 | 0 | |a regulácia cenová |
| 610 | 2 | 0 | |a byty |
| 610 | 2 | 0 | |a statky verejné |
| 610 | 2 | 0 | |a ČSFR |
| 610 | 2 | 0 | |a vyhlášky |
| 100 | 1 | |a Šíp, E. | |
| 700 | 1 | |a Fürstová, J. | |